| 000 | 00799nam a2200265 i 4500 | ||
|---|---|---|---|
| 001 | bg | ||
| 100 | 1 |
_aGrabowska, Beata _c(botanika). |
|
| 245 | 1 | 0 |
_aRośliny wodne i wilgociolubne / _cBeata Grabowska, Tomasz Kubala. |
| 260 |
_aKraków ; _bOfficina Botanica, _c2006. |
||
| 300 |
_a82 s. : _bil. kolor. ; _c30 cm. |
||
| 500 | _aOznaczono jako poz. 5. | ||
| 650 | 9 |
_aRośliny wodne _xatlas |
|
| 650 | 9 | _aOgrody wodne | |
| 655 | _aPoradniki | ||
| 700 | 1 |
_aKubala, Tomasz _d(1968- ). |
|
| 020 | _a8392211553 | ||
| 040 | _cBPK | ||
| 041 | _apol | ||
| 044 | _aPOL | ||
| 080 | _a582:635.9:712](084.4)(083.1) | ||
| 920 | _a83-922115-5-3 | ||
| 942 | _cKS | ||
| 008 | s pl f |000 0 pol | ||
| 999 |
_c55685 _d55685 |
||
| 856 |
_uhttp://koha.tu.koszalin.pl/cgi-bin/koha/opac-detail.pl?biblionumber=55685 _yKatalog online BPK |
||